Normal view
MARC view
Entry Personal Name
001 - CONTROL NUMBER
- control field: 7843
003 - CONTROL NUMBER IDENTIFIER
- control field: ARRUPE
005 - DATE AND TIME OF LATEST TRANSACTION
- control field: 20140204142906.0
008 - FIXED-LENGTH DATA ELEMENTS
- fixed length control field: 140204|| aca||aabn | a|a d
040 ## - CATALOGING SOURCE
- Original cataloging agency: ARRUPE
- Transcribing agency: ARRUPE
100 ## - HEADING--PERSONAL NAME
- Personal name: Crenshaw, James L.
670 ## - SOURCE DATA FOUND
- Source citation: Work cat.: (ARRUPE)0: Crenshaw, James L., A whirlpool of torment :, c1984.